000 00666nam a2200241Ia 4500
003 OSt
005 20220925231815.0
006 a|||||r|||| 00| 0
007 ta
008 220923b |||||||| |||| 00| 0 eng d
037 _cGeneral Book
040 _aRTL
_cRTL
_beng
041 _2eng
_aeng
082 _aB2891, K9
100 _aDriebeek Norman J
_9296139
245 0 _aApplied linear programming
260 _aMassachusetts
_bAddison Wesley
_c1969
300 _aviii,230p.
_ccm.
500 _aBibliography P 223-26
650 _aLinear Programming
942 _hB2891, K9
_cGB
_2CC
999 _c589483
_d589483